000 00570cam a22002052 4500
001 0000020569
005 20151217152217.0
008 110923s xx 000 0 eng d
020 _a0750653280 :
040 _aKABU
_cKABU
100 1 _aHopwood, Val.
_@0000181065
245 1 0 _aAcupuncture in physiotherapy /
_cVal Hopwood.
250 _a1st ed.
260 _aOxford :
_bButterworth,
_c2004.
300 _aviii, 275 p.
650 0 _aAcupuncture.
_@0000181066
852 1 _9p1920 KES
908 _a110923
950 _@1
999 _c9397
_d9397